00652nam a2200169 a 450000100100000000500170001000800410002704000250006808200110009324500330010426000410013730000200017859000260019871000540022495201870027899900170046500004620220201002052714.0150706s2004 dr 000 0 spa d aDO-SdBNPbspacBNPHU axxbxx03aEl proyecto que necesitamos. a[s.l.] :bBloque Socialista,c198?]. a23 p. ;c22 cm. aInventariado, 2018/VM2 aBloque Socialista (República Dominicana)974243 0010718PDaPDbPDcHDd2015-07-06iLF1l0oxx xxp46202-10r2020-06-25w2020-06-25yLFPDzPerteneció a la biblioteca personal de Chiqui Vicioso / Fidelio Despradel.ZNo se presta c45691d45691